000 00495nam a2200169Ia 4500
005 20250508153911.0
008 008 250505s9999 xx 000 0 eng d
037 _aBooks to be hide in OPAC
040 _aFEDL
_beng
_cFEDL
041 _aeng
_2eng
084 _a371.4260973, UNI/O
_qFEDL
245 0 _aRoyal commission on industrial training and technical education
260 _c1913
300 _a2354p.
942 _cHB
_h371.4260973, UNI/O
999 _c1346239
_d1346239